000 00745nam a2200229 i 4500
001 106079
003 ES-MaACL
007 t|
008 060925s1979 sp ||||1| spa d
020 _a84-7039-318-9
080 _a821.134.2-14"19"
100 1 _aPrados, Emilio,
_d1899-1962
_993630
245 1 3 _aLa piedra escrita /
_cEmilio Prados ; edición, introducción y notas de José Sanchís-Banús.
260 _aMadrid :
_bCastalia,
_c[1979]
300 _a199 p. :
_bil. ;
_c18 cm.
490 1 _aClásicos Castalia ;
_v89
500 _aBiblioteca Juan Andrade.
700 1 _aSanchís Banús, José.
_9103010
830 0 _aClásicos Castalia ;
_v89
_9178595
852 _aES-MaACL
_jAND-803
_bR.110098
999 _c106079
_d106079